Interrogatorios otoneurofoniátricos
Сохранить в:
| Главный автор: | |
|---|---|
| Формат: | |
| Язык: | испанский |
| Опубликовано: |
Buenos Aires
Publicaciones Médicas Argentinas
1980
|
| Серии: | Patología de la Comunicación, 11
|
| Предметы: | |
| Метки: |
Добавить метку
Нет меток, Требуется 1-ая метка записи!
|
MARC
| LEADER | 00000nam a2200000 a 4500 | ||
|---|---|---|---|
| 001 | UCU0474 | ||
| 003 | CL-VaPUC | ||
| 008 | 960322e19800000AG |||||||||||||||||spa|d | ||
| 082 | 0 | 4 | |a 372.622 |b DEQ |2 21 |
| 100 | 0 | |a De Quiros, J. B |e author |9 355641 | |
| 245 | 1 | 0 | |a Interrogatorios otoneurofoniátricos |
| 300 | |a 37 p | ||
| 942 | |c BK | ||
| 945 | |d 19960322 00:00:00 |a lriquelm | ||
| 260 | |a Buenos Aires |b Publicaciones Médicas Argentinas |c 1980 | ||
| 650 | 0 | |a Lenguaje hablado |9 339599 | |
| 650 | 7 | |a HABLA |2 CL-VaPUC |9 311668 | |
| 650 | 0 | |a Trastornos del aprendizaje |9 307969 | |
| 650 | 7 | |a CIENCIAS MEDICAS |2 CL-VaPUC |9 337221 | |
| 650 | 0 | |a Psicolingüística |9 283371 | |
| 650 | 0 | |a Neurología |9 269802 | |
| 650 | 7 | |a ENFERMEDADES DEL SISTEMA NERVIOSO |2 CL-VaPUC |9 269801 | |
| 583 | |a last modification |c 19960322 00:00:00 |k Rodrigo Vera | ||
| 490 | 0 | |a Patología de la Comunicación, 11 | |
| 999 | |c 245325 |d 245323 | ||
| 952 | |0 0 |1 0 |4 0 |6 372_622000000000000_DEQ_1980 |7 0 |8 P |9 259797 |a BIBEDU |b BIBEDU |c BIBEDU_PB |d 2019-11-19 |i 1636650 |o 372.622 DEQ 1980 |p 1636650 |r 2024-01-25 |w 2019-11-19 |y BK |k EDU | ||